000 00754nam a2200205 u 4500
001 000020559
005 20200930011128.0
008 100810s2010 dr a r 000 0 spa d
020 _a9789945421934
040 _aDO-SdBNP
_bspa
_cBNPHU
082 _axxxx
_bE77l
100 1 _aEspinal Benzant, Lludelis,
_d1990-
_943281
245 1 3 _aLa legislación dominicana frente a la modernización portuaria /
_cLludelis Espinal Benzant ; prólogo Diego Sepulveda-Whitte.
260 _aSanto Domingo :
_bAmigo del hogar,
_c2010.
300 _a295 p. :
_ail. ;
_c23 cm.
500 _aIncluye datos biográficos del autor en la solapas
504 _aBibliografía : p. 291-295
590 _aInventariado, 2020/BT
700 1 _aSepulveda-Whitte, Diego,
_epról.
_943282
999 _c20063
_d20063